LEADER 01349nam a2200241 i 4500 001 000000208482 003 CaOOAMICUS 005 20241210093031.0 008 111122s1909 it u000 u fre u 013 $a187267 040 $aSeMil$bita 100 1 $aFleischmann, Hector,$d<1882-1914>.$0(OLS)http://semarc/name/11697 245 10$aDessous de Princesses et Maréchales d'Empire :$bd'après des lettres inédites, des documents nouveaux, les journaux de modes et les témoignages des contemporains /$cHector Fleischmann. 260 $aParis :$bLibrairie des Annales,$ccopyr. 1909. 300 $a285 p., [16] p. di tav. ;$c21 cm. 500 $aIn mezzo al front : Avec 16 gravures hors texte d'après des documents de l'époque. 600 04$aNapoleone I : Bonaparte .$0(OLS)http://semarc/subject/350 650 4$aFrancia - Storia - Sec. 19.$0(OLS)http://semarc/subject/1090 850 $aSeMil 852 $aSeMil$W1$xVenegono$y1$m3U II 626$j253300$B158936$CSeMilBibl$Z2$F170045 $81 996 $6245$aDessous de Princesses et Maréchales d'Empire :$bd'après des lettres inédites, des documents nouveaux, les journaux de modes et les témoignages des contemporains$9(OLS)http://semarc/title/301486 996 $6260$aParis :$bLibrairie des Annales$9(OLS)http://semarc/publisher/52280 LEADER 01023nam a2200205 i 4500 001 000000226806 003 CaOOAMICUS 005 20140204000000.0 008 140204s1960 it u000 u ger u 013 $a205708 040 $aSeMil$bita 245 10$aApostolat und Christliche wirklichkeit :$btheologie des ersten briefteils, kap. 1-7. 300 $aXVI, 810 p. 650 4$aBibbia . Nuovo Testamento. Lettere ai Corinzi - Commentari, studi, critica, interpretazioni.$0(OLS)http://semarc/subject/2669 700 1 $aPrümm, Karl,$c.$0(OLS)http://semarc/name/9580 773 0 $aPrümm, Karl, $tDiakonia pneumatos.$dRom [etc.] : Herder, 1960.$gBand2$w()29391 773 0 $aPrümm, Karl, $tTheologie des zweiten Korintherbriefes.$gErstel teil$w()29392 850 $aSeMil 852 $aSeMil$W1$xVenegono$y1$m2W V 94$j177152$B177152$CSeMilBibl$Z2$F188025 $81 996 $6245$aApostolat und Christliche wirklichkeit :$btheologie des ersten briefteils, kap. 1-7$9(OLS)http://semarc/title/324722